Characters by Their First Names2 - Statistics

General Stats
  • This quiz has been taken 19 times
  • The average score is 16 of 28
Answer Stats
Hint Answer % Correct
Daffy Duck
100%
Indiana (Henry) Jones
100%
Peter Parker
100%
Homer Simpson
100%
Luke Skywalker
100%
Tony Stark
93%
Jean-Luc Picard
86%
Hercule Poirot
86%
Ace Ventura
86%
Max Headroom
64%
Miles Morales
57%
Eddie Brock
50%
Billy Madison
50%
Thorin Oakenshield
50%
Reed Richards
50%
Biff Tannen
50%
Hugo Drax
43%
Stan Shunpike
43%
Bunsen Honeydew
36%
Rosa Klebb
36%
Honey Ryder
36%
Arnold Toht
36%
John Watson
36%
Alex Browning
29%
Tov Kronsteen
29%
Emilio Largo
29%
Lyutsifer Safin
21%
Jürgen Voller
21%
No matching quizzes found
Score Distribution
Percent of People with Each Score
Percentile by Number Answered
Your Score History
You have not taken this quiz